<?xml version="1.0" encoding="UTF-8"?>
<collection xmlns:xsi="http://www.w3.org/2001/XMLSchema-instance" xsi:schemaLocation="http://www.loc.gov/MARC21/slim http://www.loc.gov/standards/marcxml/schema/MARC21slim.xsd" xmlns="http://www.loc.gov/MARC21/slim">
 <record>
  <leader>00000cmm a22000004i 4500</leader>
  <controlfield tag="001">UP-99796217611094974</controlfield>
  <controlfield tag="003">Buklod</controlfield>
  <controlfield tag="005">20140129112633.0</controlfield>
  <controlfield tag="006">m    go  j        </controlfield>
  <controlfield tag="007">cr |n |||auu|a</controlfield>
  <controlfield tag="008">110601s2011    xxu        u |      eng d</controlfield>
  <datafield tag="020" ind1=" " ind2=" ">
   <subfield code="a">9781441993748 (eBook)</subfield>
  </datafield>
  <datafield tag="020" ind1=" " ind2=" ">
   <subfield code="a">1441993746 (eBook)</subfield>
  </datafield>
  <datafield tag="035" ind1=" " ind2=" ">
   <subfield code="a">(iLib)UPD-00212404351</subfield>
  </datafield>
  <datafield tag="040" ind1=" " ind2=" ">
   <subfield code="a">DML</subfield>
  </datafield>
  <datafield tag="041" ind1="0" ind2=" ">
   <subfield code="a">eng</subfield>
  </datafield>
  <datafield tag="042" ind1=" " ind2=" ">
   <subfield code="a">DMLUC</subfield>
  </datafield>
  <datafield tag="084" ind1=" " ind2=" ">
   <subfield code="a">QR 115</subfield>
   <subfield code="b">I58 2011eb</subfield>
  </datafield>
  <datafield tag="110" ind1="2" ind2=" ">
   <subfield code="a">International Commission on Microbiological Specifications for Foods</subfield>
  </datafield>
  <datafield tag="245" ind1="1" ind2="0">
   <subfield code="a">Microorganisms in foods 8</subfield>
   <subfield code="h">[electronic resource]</subfield>
   <subfield code="b">use of data for assessing process control and product acceptance</subfield>
   <subfield code="c">International Commission on Microbiological Specifications for Foods (ICMSF).</subfield>
  </datafield>
  <datafield tag="264" ind1=" " ind2="1">
   <subfield code="a">New York</subfield>
   <subfield code="b">Springer</subfield>
   <subfield code="c">c2011.</subfield>
  </datafield>
  <datafield tag="300" ind1=" " ind2=" ">
   <subfield code="a">1 online resource (xx, 280 p.)</subfield>
   <subfield code="b">ill.</subfield>
  </datafield>
  <datafield tag="490" ind1="0" ind2=" ">
   <subfield code="a">Microorganisms in foods</subfield>
   <subfield code="v">8</subfield>
  </datafield>
  <datafield tag="505" ind1="0" ind2=" ">
   <subfield code="a">Preface -- Contributors and Reviewers -- Abbreviations Used in the Book -- Part I. Principles of Using Data in Microbial Control -- 1. Utility of Microbial Testing for Safety and Quality -- 2. Validation of Control Measures -- 3. Verification of Process Control -- 4. Verification of Environmental Control -- 5. Corrective Actions to Re-Establish Control -- 6. Microbiological Testing in Customer-Supplier Relations -- Part II. Applications of Principles to Product Categories -- 7. Applications and Use of Criteria and Other Tests -- 8. Meat Products -- 9 Poultry Products -- 10. Fish and Seafood Products -- 11. Feeds and Pet Food -- 12. Vegetables and Vegetable Products -- 13. Fruits and Fruit Products -- 14. Spice, Dry Soups and Asian Flavorings -- Cereals and Cereal Products -- 16. Nuts, Oilseeds, Dried Legumes and Coffee -- 17. Cocoa, Chocolate and Confectionary -- 18. Oil- and Fat-based Foods -- 19. Sugar, Syrups and Honey -- 20. Non-Alcoholic Beverages -- 21. Water -- 22. Eggs and Egg Products -- 23. Milk and Dairy Products -- 24. Shelf-Table Heat Treated Foods -- 25. Dry Foods for Infants and Young Children -- 26. Combination Foods -- Appendix 1. Sampling Considerations and Statistical Aspects of Sampling Plans -- Appendix 2. Calculations for Chapter 2 -- Appendix 3. ISO Methods Referenced in Tables -- Appendix 4. Objectives and Accomplishments of the ICMSF -- Appendix 5. ICMSF Participants -- Appendix 6. ICMSF Publications -- Appendix 7. Sponsors of ICMSF Activities.</subfield>
  </datafield>
  <datafield tag="506" ind1=" " ind2=" ">
   <subfield code="a">IP-based subscription, access limited to within on-campus computer network.</subfield>
   <subfield code="c">Access via Electronic Resources of the UPD University Library Website.</subfield>
  </datafield>
  <datafield tag="520" ind1=" " ind2=" ">
   <subfield code="a">aContinuing the ICMSF series, Microorganisms in Foods 8provides practical guidance on appropriate testing of food processing environments, processing lines, shelf life and finished product to enhance the safety and microbiological quality of the food supply. Part I, Principles of Using Data in Microbial Control, summarizes the principles of Microorganisms in Foods 7: Microbiological Testing in Food Safety Management (2002), which illustrates how HACCP and Good Hygienic Practices (GHP) provide greater assurance of safety than microbiological testing, and also identifies circumstances where microbiological testing may play a useful role. Part II, Applications of Principles to Product Categories, updates and expands Part II of Microorganisms in Foods 2: Sampling for Microbiological Analysis: Principles and Specific Applications (1986) and builds on Microorganisms in Foods 6: Microbial Ecology of Food Commodities (2nd edition, 2005) with recommended tests and specific criteria for 19 food product categories to evaluate the effectiveness of controls. Microorganisms in Foods 8 is intended for anyone using microbiological testing or engaged in setting microbiological criteria including government, food processors and the customers they supply. This book provides actionable information for food quality assurance professionals, food microbiologists, food technologist, veterinarians, public health workers and regulatory officials. This peer reviewed book was prepared by the International Commission on Microbiological Specifications for Foods (ICMSF), with assistance from a limited number of consultants. The ICMSF was formed in response to the need for internationally acceptable and authoritative guidance on microbiological limits for foods in international commerce. Currently the membership consists of 17 food microbiologists and public health professionals from eleven countries, drawn from government, universities, and food processing and related industries. Also available Microorganisms in Foods 7: Microbiological Testing in Food Safety Management, 2002 (978-0-306-47262-6) Microorganisms in Foods 6: Microbial Ecology of Food Commodities, 2nd edition 2005 (978-1-4419-3465-9) Microorganisms in Foods 5: Characteristics of Microbial Pathogens, 1996 (978-0-412-47350-0)</subfield>
  </datafield>
  <datafield tag="533" ind1=" " ind2=" ">
   <subfield code="a">Electronic reproduction.</subfield>
   <subfield code="b">New York</subfield>
   <subfield code="c">SpringerLink</subfield>
   <subfield code="d">2011.</subfield>
   <subfield code="n">Available via World Wide Web through SpringerLink.</subfield>
  </datafield>
  <datafield tag="650" ind1=" " ind2="0">
   <subfield code="a">Food</subfield>
   <subfield code="x">Microbiology.</subfield>
  </datafield>
  <datafield tag="650" ind1=" " ind2="0">
   <subfield code="a">Electronic books.</subfield>
  </datafield>
  <datafield tag="710" ind1="2" ind2=" ">
   <subfield code="a">#aSpringerLink (Online service).</subfield>
  </datafield>
  <datafield tag="856" ind1="4" ind2="0">
   <subfield code="z">Available for University of the Philippines Diliman via SpringerLink. Click here to access</subfield>
   <subfield code="u">http://dx.doi.org/10.1007/978-1-4419-9374-8</subfield>
  </datafield>
  <datafield tag="856" ind1=" " ind2=" ">
   <subfield code="z">(viewed 26 May 2014)</subfield>
  </datafield>
  <datafield tag="905" ind1=" " ind2=" ">
   <subfield code="a">FO</subfield>
  </datafield>
  <datafield tag="950" ind1=" " ind2=" ">
   <subfield code="a">Monograph</subfield>
  </datafield>
  <datafield tag="852" ind1="0" ind2=" ">
   <subfield code="a">UPD</subfield>
   <subfield code="b">DMLR</subfield>
  </datafield>
  <datafield tag="942" ind1=" " ind2=" ">
   <subfield code="a">Electronic Resource</subfield>
  </datafield>
 </record>
</collection>
